000 00766nam a22001817a 4500
003 OSt
005 20251212021222.0
008 251212b |||||||| |||| 00| 0 eng d
020 _a978-0-385-73600-8
040 _aDWCL - Main Lib
_cOC
082 _aFic. S428a 2007
100 _aScott, Michael
245 _aThe alchemyst:
_bthe secrets of the immortal Nicholas Flamel /
_cMichael Scott
260 _aNew York:
_bdelacorte Press,
_cc2007.
300 _a375 p.:
_bill.;
_c20 cm.
520 _bWhile working at pleasant but mundane summer jobs in San Francisco, fifteen year old twins, Sophi and Josh, suddenly find themselves caught up in the deadly, centuries-old struggle between rival alchemists, Nicholas Flamel and John Dee, over.
942 _2ddc
_cFIC.
_mFic.
_n0
999 _c7057
_d7057